| 000 | 01246nam a2200373 a 4500 | ||
|---|---|---|---|
| 001 | 1531552 | ||
| 003 | OSt | ||
| 005 | 20230704160658.0 | ||
| 008 | 930429s1989 sz a b i000 0 eng d | ||
| 010 | _a 90146834 | ||
| 020 | _a9241561319 | ||
| 035 | _a(OCoLC)22810697 | ||
| 040 |
_aDNLM _cDNLM _dDLC |
||
| 042 | _alccopycat | ||
| 043 | _ad------ | ||
| 050 | 0 | 4 |
_aRA566.5.D44 _bT33 1989 |
| 082 |
_a363.7 _bTAB |
||
| 100 | 1 | _aTabibzadeh, I. | |
| 245 | 1 | 0 |
_aSpotlight on the cities : _bimproving urban health in developing countries / _cI. Tabibzadeh, A. Rossi-Espagnet, and R. Maxwell. |
| 260 |
_aGeneva : _bWorld Health Organization, _c1989. |
||
| 300 |
_av, 174 p. : _bill. ; _c24 cm. |
||
| 504 | _aIncludes bibliographical references (p. 158-165). | ||
| 650 | 0 |
_aUrban health _zDeveloping countries. |
|
| 650 | 0 |
_aCity planning _xHealth aspects _zDeveloping countries. |
|
| 650 | 0 |
_aCities and towns _zDeveloping countries. |
|
| 650 | 2 | _aDelivery of Health Care. | |
| 650 | 2 | _aUrban Health. | |
| 651 | 2 | _aDeveloping Countries. | |
| 700 | 2 | _aRossi-Espagnet, A. | |
| 700 | 1 | _aMaxwell, R. | |
| 906 |
_a7 _bcbc _ccopycat _d3 _encip _f19 _gy-gencatlg |
||
| 942 |
_2ddc _cBK |
||
| 999 |
_c3929 _d3929 |
||